LEADER 01425nam a2200289 i 4500 001 000000180787 003 CaOOAMICUS 005 20090727000000.0 008 090727s1963 it u000 u ita u 013 $a158495 040 $aSeMil$bita 100 1 $aGiacchi, Orio <1909-1982>.$0(OLS)http://semarc/name/25665 245 13$aIl significato storico di Montalembert /$cOrio Giacchi. 260 $aMilano :$bVita e Pensiero,$c1963. 300 $a75 p. ;$c20 cm. 490 0 $aLe conferenze dell'Università Cattolica : programma scientifico-culturale per studenti di tutte le facoltà ;$v. Sez. storica 490 0 $aLe conferenze dell'Università Cattolica. Sez. storica 500 $aFondo Card. Giovanni Colombo. 600 14$aMontalembert, Charles : de <1810-1870>.$0(OLS)http://semarc/subject/34336 830 3$aLe conferenze dell'Università Cattolica : programma scientifico-culturale per studenti di tutte le facoltà ;$v. Sez. storica.$0(OLS)http://semarc/title/24790 830 3$aLe conferenze dell'Università Cattolica. Sez. storica.$0(OLS)http://semarc/title/24793 850 $aSeMil 852 $aSeMil$W1$xVenegono$y1$m2P I 748$j131535$B131535$CSeMilBibl$Z2$F143403 $81 941 1 $a3 961 $aLascito: Colombo Card. Giovanni 996 $6245$aIl significato storico di Montalembert$9(OLS)http://semarc/title/259632 996 $6260$aMilano :$bVita e Pensiero$9(OLS)http://semarc/publisher/29642 LEADER 01404nam a2200241 i 4500 001 000000076206 003 CaOOAMICUS 005 20090703000000.0 008 090703s1970 it u000 u mul u 013 $a47378 040 $aSeMil$bita 245 10$aNicolò Cusano :$batti del Congresso internazionale in occasione del 5. centenario della morte di Nicolò Cusano : Bressanone, 6-10 settembre 1964. 260 $aFirenze :$bSansoni,$c1970. 300 $aXXIII, 547 p. ;$c24 cm. 490 0 $aPubblicazioni della Facoltà di Magistero dell'Università di Padova ;$v12 500 $aIn testa al front.: Facoltà di magistero dell'Università di Padova. 650 4$aNiccolò : da Cusa <1401-1464> - Atti di congressi.$0(OLS)http://semarc/subject/10178 700 1 $aCongresso internazionale in occasione del 5. centenario della morte di Nicolò Cusano <1964 ; Bressanone>.$0(OLS)http://semarc/name/37560 830 0$aPubblicazioni della Facoltà di Magistero dell'Università di Padova ;$v12.$0(OLS)http://semarc/title/27298 850 $aSeMil 852 $aSeMil$W1$xVenegono$y1$m2R IV 281$j42358$B42358$CSeMilBibl$Z2$F42362 $81 996 $6245$aNicolò Cusano :$batti del Congresso internazionale in occasione del 5. centenario della morte di Nicolò Cusano : Bressanone, 6-10 settembre 1964$9(OLS)http://semarc/title/123501 996 $6260$aFirenze :$bSansoni$9(OLS)http://semarc/publisher/29843